Maternal-newborn nursing : (Record no. 866)

000 -LEADER
fixed length control field 01127nam a22003257a 4500
001 - CONTROL NUMBER
control field 2578812
003 - CONTROL NUMBER IDENTIFIER
control field OSt
005 - DATE AND TIME OF LATEST TRANSACTION
control field 20210426094552.0
008 - FIXED-LENGTH DATA ELEMENTS--GENERAL INFORMATION
fixed length control field 960321s1997 paua b 001 0 eng c
010 ## - LIBRARY OF CONGRESS CONTROL NUMBER
LC control number 96015371
020 ## - INTERNATIONAL STANDARD BOOK NUMBER
International Standard Book Number 0721667775
040 ## - CATALOGING SOURCE
Original cataloging agency DNLM/DLC
Transcribing agency DLC
Modifying agency eng
Language of cataloging eng
050 00 - LIBRARY OF CONGRESS CALL NUMBER
Classification number RG951
Item number .M316 1997
060 10 - NATIONAL LIBRARY OF MEDICINE CALL NUMBER
Classification number WY 157.3 N618m 1997
080 ## - UNIVERSAL DECIMAL CLASSIFICATION NUMBER
Universal Decimal Classification number 616-053.3
Item number N-58
082 00 - DEWEY DECIMAL CLASSIFICATION NUMBER
Classification number 610.73/678
Edition number 20
245 00 - TITLE STATEMENT
Title Maternal-newborn nursing :
Remainder of title theory and practice /
Statement of responsibility, etc. / by: W.B. Saunders Company
260 ## - PUBLICATION, DISTRIBUTION, ETC.
Place of publication, distribution, etc. Philadelphia :
Name of publisher, distributor, etc. W.B. Saunders Company
Date of publication, distribution, etc. c1997.
300 ## - PHYSICAL DESCRIPTION
Extent xxxvi, 1679 p. :
Other physical details ill. (some col.) ;
Dimensions 29 cm.
504 ## - BIBLIOGRAPHY, ETC. NOTE
Bibliography, etc. note Includes bibliographical references and index.
650 #0 - SUBJECT ADDED ENTRY--TOPICAL TERM
Topical term or geographic name entry element Maternity nursing.
650 #0 - SUBJECT ADDED ENTRY--TOPICAL TERM
Topical term or geographic name entry element Neonatology
9 (RLIN) 529
650 12 - SUBJECT ADDED ENTRY--TOPICAL TERM
Topical term or geographic name entry element Maternal-Child Nursing.
653 ## - INDEX TERM--UNCONTROLLED
Uncontrolled term ნეონატოლოგია
700 1# - ADDED ENTRY--PERSONAL NAME
Personal name Nichols, Francine H.
700 1# - ADDED ENTRY--PERSONAL NAME
Personal name Zwelling, Elaine,
Dates associated with a name 1943-
906 ## - LOCAL DATA ELEMENT F, LDF (RLIN)
a 7
b cbc
c orignew
d 1
e ocip
f 19
g y-gencatlg
942 ## - ADDED ENTRY ELEMENTS (KOHA)
Source of classification or shelving scheme
Koha item type Books
Holdings
Withdrawn status Lost status Source of classification or shelving scheme Damaged status Not for loan Permanent location Current location Date acquired Inventory number Total Checkouts Full call number Barcode Date last seen Price effective from Koha item type
          Ken Walker International University Ken Walker International University 12/29/2020 2344   616-053.3 N-58 2344 12/29/2020 12/29/2020 Books

Powered by Koha